[Event "JAGI 1"]
[Site "SchemingMind.com"]
[Date "2024.01.20"]
[Round "-"]
[White "malcolm chugg"]
[Black "Steven DuCharme"]
[Result "0-1"]
[WhiteCountry "WLS"]
[BlackCountry "USA"]
[WhiteElo "1159"]
[WhiteRD "55"]
[BlackElo "1563"]
[BlackRD "52"]
[GameID "741574"]

1. f4 b6 2. e4 Bb7 3. d3 e6 4. e5 d6 5. Be2 Bxg2 6. Bf3 Bxh1 7. Bxh1 c6 8. Qg4 h5 9. Qf3 d5 10. Bd2 Qh4+
11. Qg3 Qxg3+ 12. hxg3 Nh6 13. Bf3 Nf5 14. g4 hxg4 15. Bxg4 Rh1 16. Kf1 Bc5 17. Bxf5 Rxg1+ 18. Ke2 exf5 19. Be1 Nd7 20. Nd2 O-O-O
21. c3 Be7 22. Nf3 Rh1 23. d4 Rdh8 24. a4 Bh4 25. Rd1 Bxe1 26. Rxe1 Rxe1+ 27. Kxe1 Rh1+ 28. Kd2 Ra1 29. b3 c5 30. Ng5 cxd4
31. Nxf7 dxc3+ 32. Kxc3 Nf8 33. Nd6+ Kb8 34. Nxf5 Rf1 35. Ne3 Rxf4 36. Nxd5 Rh4 37. Nb4 Kb7
0-1

[Event "JAGI 1"]
[Site "SchemingMind.com"]
[Date "2024.01.20"]
[Round "-"]
[White "Steven DuCharme"]
[Black "Chessibelle"]
[Result "1-0"]
[WhiteCountry "USA"]
[BlackCountry "ENG"]
[WhiteElo "1563"]
[WhiteRD "52"]
[BlackElo "1049"]
[BlackRD "58"]
[GameID "741575"]

1. g3 Nc6 2. Bg2 e5 3. d3 Be7 4. Nc3 Nf6 5. Nf3 d6 6. O-O O-O 7. Bg5 h6 8. Bxf6 Bxf6 9. Ne4 Be7 10. c3 b5
11. h3 f5 12. Ned2 g5 13. e3 h5 14. Nxg5 Qe8 15. Bxc6 Qxc6 16. Qxh5 Bxg5 17. Qxg5+ Kf7 18. f4 Rg8 19. Qh4 Bb7 20. Nf3 Qb6
21. d4 c5 22. Qh7+ Kf6 23. fxe5+ dxe5 24. dxe5+ Ke6 25. Qh6+ Kd5 26. Qxb6 axb6 27. Rad1+ Kc6 28. Kh2 Rxa2 29. Rd2 Raa8 30. Rfd1 Kc7
31. Rd7+ Kb8 32. Rd8+ Ka7 33. Ra1+ Ba6 34. Rd7+ Kb8 35. e6 Re8 36. e7 Bc8 37. Rxa8+ Kxa8 38. Rd8 Kb7 39. Rxe8
1-0

[Event "JAGI 1"]
[Site "SchemingMind.com"]
[Date "2024.01.21"]
[Round "-"]
[White "Steven DuCharme"]
[Black "Kenny Elliott"]
[Result "1-0"]
[WhiteCountry "USA"]
[BlackCountry "USA"]
[WhiteElo "1563"]
[WhiteRD "52"]
[BlackElo "1495"]
[BlackRD "73"]
[GameID "741576"]

1. b3 e5 2. Bb2 Nc6 3. g3 d5 4. Bg2 Nf6 5. Nf3 d4 6. O-O Bd6 7. d3 O-O 8. Nbd2 Re8 9. Nc4 Be6 10. Nxd6 Qxd6
11. a3 Rad8 12. h3 Qd7 13. Kh2 h5 14. Ng5 Nd5 15. Nxe6 Qxe6 16. Bxd5 Qxd5 17. e4 Qe6 18. f4 exf4 19. gxf4 Qg6 20. Rg1 Qh6
21. Qf3 g6 22. Bc1 Ne7 23. f5 a5 24. Bxh6
1-0

[Event "JAGI 1"]
[Site "SchemingMind.com"]
[Date "2024.01.20"]
[Round "-"]
[White "Kenny Elliott"]
[Black "Phillip Beckett"]
[Result "1-0"]
[WhiteCountry "USA"]
[BlackCountry "ENG"]
[WhiteElo "1495"]
[WhiteRD "73"]
[BlackElo "1461"]
[BlackRD "52"]
[GameID "741577"]

1. d4 d5 2. Nf3 Nf6 3. Nc3 e6 4. e3 Be7 5. Bd3 c5 6. O-O Nc6 7. Bb5 O-O 8. Bxc6 bxc6 9. Ne5 Qc7 10. a3 cxd4
11. exd4 Ba6 12. Re1 Bd6 13. Bf4 c5 14. Qd2 cxd4 15. Qxd4 Bc5 16. Qa4 Bd6 17. Qxa6 Ne4 18. Nxe4 dxe4 19. Nd7 Qxd7 20. Bxd6 Rfd8
21. Bb4 Rab8 22. Ba5 Rdc8 23. Rad1 Qe7 24. Bb4 Qf6 25. c3 Rd8 26. Rxd8+ Rxd8 27. Qxa7 h6 28. Qe3 Qe5 29. a4 f5 30. f4 Qd5
31. a5 Qd2 32. Qe2 Qxe2 33. Rxe2 Rd1+ 34. Kf2 Kf7 35. Ba3 Rh1 36. h3 g5 37. fxg5 hxg5 38. a6
1-0

[Event "JAGI 1"]
[Site "SchemingMind.com"]
[Date "2024.01.21"]
[Round "-"]
[White "Kenny Elliott"]
[Black "pmdpsp"]
[Result "0-1"]
[WhiteCountry "USA"]
[BlackCountry "GER"]
[WhiteElo "1495"]
[WhiteRD "73"]
[BlackElo "1667"]
[BlackRD "72"]
[GameID "741578"]

1. d4 g6 2. Nf3 Bg7 3. Nc3 d5 4. g3 Nf6 5. Bg2 O-O 6. O-O b6 7. Bf4 Bb7 8. a4 c5 9. e3 Nh5 10. b4 Nxf4
11. gxf4 c4 12. Qb1 Qd7 13. Ne5 Bxe5 14. fxe5 f6 15. exf6 Rxf6 16. e4 dxe4 17. Nxe4 Bxe4 18. Bxe4 Qg4+ 19. Bg2 Nc6 20. c3 Raf8
21. Qe4 Qd7 22. d5 Nb8 23. Qxc4 Rc8 24. Qd4 Qd6 25. b5 Rf4 26. Qd3 Rcc4 27. Qc2 Rh4 28. h3 Nd7 29. Rad1 Nc5 30. Rfe1 Rxa4
31. Rd4 Raxd4 32. cxd4 Rxd4 33. Qc3 Qf6 34. Qe3 Kf7 35. Qa3 Rd2 36. Rf1 Nd3 37. f3 Nf4 38. Rf2 Qd4
0-1

[Event "JAGI 1"]
[Site "SchemingMind.com"]
[Date "2024.01.20"]
[Round "-"]
[White "Kenny Elliott"]
[Black "malcolm chugg"]
[Result "1-0"]
[WhiteCountry "USA"]
[BlackCountry "WLS"]
[WhiteElo "1495"]
[WhiteRD "73"]
[BlackElo "1159"]
[BlackRD "55"]
[GameID "741579"]

1. d4 d5 2. Nf3 e6 3. Nc3 Bd7 4. e4 Be7 5. exd5 Bb4 6. Bd2 Bxc3 7. Bxc3 exd5 8. Be2 f6 9. O-O Qe7 10. Re1 Be6
11. Bd3 Qd6 12. Bf5 Ke7 13. a3 Kf7 14. Bb4 Qd7 15. Bxe6+ Qxe6 16. Rxe6 Kxe6 17. Qe2+ Kd7 18. Qb5+ Nc6 19. Qxd5+ Kc8 20. Qe6+ Kd8
21. Re1
1-0

[Event "JAGI 1"]
[Site "SchemingMind.com"]
[Date "2024.01.20"]
[Round "-"]
[White "Kenny Elliott"]
[Black "kenneth m day"]
[Result "0-1"]
[WhiteCountry "USA"]
[BlackCountry "USA"]
[WhiteElo "1452"]
[WhiteRD "72"]
[BlackElo "1662"]
[BlackRD "58"]
[GameID "741580"]

1. d4 Nf6 2. Nc3 e6 3. Bg5 Be7 4. Nf3 O-O 5. e4 d6 6. Be2 Nbd7 7. O-O e5 8. Bxf6 Nxf6 9. dxe5 dxe5 10. Qxd8 Rxd8
11. Rad1 Bg4 12. a3 h6 13. Nxe5 Bxe2 14. Nxe2 Nxe4 15. Nf4 Bd6 16. g3 Bxe5 17. Nd3 Bf6 18. Kg2 Re8 19. a4 Rad8 20. Rfe1 c5
21. b3 Bd4 22. Rf1 Nc3 23. Rde1 Ne4 24. Re2 f5 25. Nf4 g5 26. Nh5 Kf7 27. f3 Nd6 28. Rxe8 Rxe8 29. g4 f4 30. Rd1 Re2+
31. Kh3 Rxc2 32. Rb1 Rf2
0-1

[Event "JAGI 1"]
[Site "SchemingMind.com"]
[Date "2024.01.20"]
[Round "-"]
[White "Chessibelle"]
[Black "Kenny Elliott"]
[Result "0-1"]
[WhiteCountry "ENG"]
[BlackCountry "USA"]
[WhiteElo "1049"]
[WhiteRD "58"]
[BlackElo "1495"]
[BlackRD "73"]
[GameID "741581"]

1. Nf3 Nc6 2. d4 d5 3. e3 Bg4 4. Be2 Nf6 5. O-O e6 6. h3 Bxf3 7. Bxf3 Bd6 8. Nd2 O-O 9. b3 e5 10. Be2 exd4
11. Nf3 dxe3 12. Bxe3 Qe8 13. c3 Ne4 14. Qc2 a6 15. g4 Qe7 16. c4 Ne5 17. cxd5 Nxf3+ 18. Bxf3 Ng5 19. Bg2 Qf6 20. f4 Nxh3+
21. Bxh3 Qh4 22. Kg2 Rae8 23. Bd2 Re2+ 24. Kf3 Rh2 25. Ke4 Re8+ 26. Kd3 Rxh3+ 27. Kc4 b5+ 28. Kd4 Qf6#
0-1

[Event "JAGI 1"]
[Site "SchemingMind.com"]
[Date "2024.01.25"]
[Round "-"]
[White "JAHI"]
[Black "Kenny Elliott"]
[Result "1-0"]
[WhiteCountry "INT"]
[BlackCountry "USA"]
[WhiteElo "2204"]
[WhiteRD "80"]
[BlackElo "1452"]
[BlackRD "72"]
[GameID "741582"]

1. a3 e5 2. a4 a5 3. Na3 Nf6 4. d3 d5 5. Bg5 Nbd7 6. g3 b6 7. Bh3 Be7 8. Nf3 e4 9. Nd4 Bb7 10. Nf5 O-O
11. Nb5 c6 12. Nbd6 h6 13. Nxb7 Qc7 14. Nxe7+ Kh8 15. Bxh6 Qxb7 16. Qd2 exd3 17. Bxg7+ Kxg7 18. Nf5+ Kh7 19. Qh6+ Kg8 20. Qg7#
1-0

[Event "JAGI 1"]
[Site "SchemingMind.com"]
[Date "2024.01.21"]
[Round "-"]
[White "The Stonewall"]
[Black "Steven DuCharme"]
[Result "1-0"]
[WhiteCountry "ENG"]
[BlackCountry "USA"]
[WhiteElo "2302"]
[WhiteRD "73"]
[BlackElo "1563"]
[BlackRD "52"]
[GameID "741585"]

1. d4 Nf6 2. Nf3 e6 3. Bg5 h6 4. Bh4 Be7 5. Nbd2 g5 6. Bg3 b6 7. e4 Bb7 8. Bd3 d6 9. c3 Nbd7 10. Qc2 a6
11. O-O-O c5 12. e5 dxe5 13. dxe5 Nh5 14. Be4 Bxe4 15. Qxe4 Rb8 16. Nc4 Qc7 17. h4 Nxg3 18. fxg3 gxh4 19. gxh4 b5 20. Nd6+ Bxd6
21. Rxd6 Ke7 22. Rhd1 Nf8 23. Qf4
1-0

[Event "JAGI 1"]
[Site "SchemingMind.com"]
[Date "2024.01.20"]
[Round "-"]
[White "Kenny Elliott"]
[Black "The Stonewall"]
[Result "0-1"]
[WhiteCountry "USA"]
[BlackCountry "ENG"]
[WhiteElo "1495"]
[WhiteRD "73"]
[BlackElo "2302"]
[BlackRD "73"]
[GameID "741586"]

1. d4 e6 2. e4 d5 3. Nf3 dxe4 4. Ng5 Nf6 5. Nc3 Bb4 6. Bd2 Qxd4 7. Be2 h6 8. Nxf7 Kxf7 9. O-O Rd8 10. Bd3 exd3
11. cxd3 Qxd3 12. a3 Bxa3 13. Rxa3 Qxd2 14. Qxd2 Rxd2 15. Rb3 Nc6 16. Rd1 Rxd1+ 17. Nxd1 b6 18. Ne3 Bb7 19. h3 Rd8
0-1

[Event "JAGI 1"]
[Site "SchemingMind.com"]
[Date "2024.01.20"]
[Round "-"]
[White "Black Knight"]
[Black "The Stonewall"]
[Result "0-1"]
[WhiteCountry "USA"]
[BlackCountry "ENG"]
[WhiteElo "1185"]
[WhiteRD "61"]
[BlackElo "2302"]
[BlackRD "73"]
[GameID "741587"]

1. d4 d5 2. c4 e6 3. Nc3 c6 4. c5 b6 5. b4 a5 6. Nf3 axb4 7. Na4 Nd7 8. cxb6 Nxb6 9. Nc5 Nc4 10. e3 Nf6
11. Bxc4 dxc4 12. Rb1 Bxc5 13. dxc5 Qxd1+ 14. Kxd1 Rxa2 15. Nd2 c3 16. Nb3 c2+
0-1

[Event "JAGI 1"]
[Site "SchemingMind.com"]
[Date "2024.01.21"]
[Round "-"]
[White "Phillip Beckett"]
[Black "The Stonewall"]
[Result "0-1"]
[WhiteCountry "ENG"]
[BlackCountry "ENG"]
[WhiteElo "1499"]
[WhiteRD "52"]
[BlackElo "2295"]
[BlackRD "72"]
[GameID "741588"]

1. e4 e5 2. Nf3 Nc6 3. Bb5 f5 4. d3 Nf6 5. Nc3 Bb4 6. Bd2 Bxc3 7. Bxc3 fxe4 8. dxe4 d6 9. Qe2 O-O 10. O-O Nh5
11. Bxc6 bxc6 12. g3 Bg4 13. Qe3 Rxf3 14. Qd2 Qd7 15. Qg5 Raf8 16. h3 Qf7 17. hxg4 Nxg3 18. fxg3 Rxf1+
0-1

[Event "JAGI 1"]
[Site "SchemingMind.com"]
[Date "2024.01.21"]
[Round "-"]
[White "pmdpsp"]
[Black "The Stonewall"]
[Result "0-1"]
[WhiteCountry "GER"]
[BlackCountry "ENG"]
[WhiteElo "1667"]
[WhiteRD "72"]
[BlackElo "2295"]
[BlackRD "72"]
[GameID "741589"]

1. g4 d5 2. Bg2 c6 3. h3 h5 4. e3 hxg4 5. hxg4 Rxh1 6. Bxh1 e5 7. Qf3 Nh6 8. Qg3 Nxg4 9. f3 Be7 10. Qh3 Bh4+
11. Ke2 Nxe3
0-1

[Event "JAGI 1"]
[Site "SchemingMind.com"]
[Date "2024.01.20"]
[Round "-"]
[White "malcolm chugg"]
[Black "The Stonewall"]
[Result "0-1"]
[WhiteCountry "WLS"]
[BlackCountry "ENG"]
[WhiteElo "1134"]
[WhiteRD "52"]
[BlackElo "2295"]
[BlackRD "72"]
[GameID "741590"]

1. f4 g6 2. e4 Bg7 3. d4 c5 4. Nf3 cxd4 5. Nxd4 Nc6 6. Be3 Qb6 7. b3 Bxd4 8. Bd2 Bxa1 9. c3 Nf6 10. Na3 Bxc3
11. Bxc3 Qe3+ 12. Qe2 Qxc3+ 13. Qd2 Qa1+ 14. Ke2 Nxe4 15. Qc2 d5 16. g4 Bxg4+ 17. Kd3 Qd4#
0-1

[Event "JAGI 1"]
[Site "SchemingMind.com"]
[Date "2024.01.21"]
[Round "-"]
[White "kenneth m day"]
[Black "The Stonewall"]
[Result "0-1"]
[WhiteCountry "USA"]
[BlackCountry "ENG"]
[WhiteElo "1690"]
[WhiteRD "59"]
[BlackElo "2302"]
[BlackRD "73"]
[GameID "741591"]

1. e4 e6 2. d4 d5 3. Nd2 Nc6 4. Ngf3 Nf6 5. e5 Nd7 6. c3 f6 7. Bd3 fxe5 8. Nxe5 Ncxe5 9. dxe5 Nxe5 10. Bc2 Qh4
11. Nf3 Nxf3+ 12. Qxf3 Bd6 13. Be3 c6 14. O-O-O e5 15. h3 Be6 16. g3 Qe7 17. Rde1 e4 18. Qg2 O-O 19. Ref1 Bd7 20. Bd1 a5
21. f3 exf3 22. Rxf3 Rxf3 23. Qxf3 Rf8 24. Bf4 Bxf4+ 25. gxf4 Qh4 26. Qh5 Qxf4+ 27. Kc2 Bf5+ 28. Kb3 Qc4+ 29. Ka3 Qc5+ 30. Ka4 b5+
0-1

[Event "JAGI 1"]
[Site "SchemingMind.com"]
[Date "2024.01.20"]
[Round "-"]
[White "The Stonewall"]
[Black "Chessibelle"]
[Result "1-0"]
[WhiteCountry "ENG"]
[BlackCountry "ENG"]
[WhiteElo "2295"]
[WhiteRD "72"]
[BlackElo "1055"]
[BlackRD "56"]
[GameID "741592"]

1. Nc3 a6 2. d4 e6 3. Bf4 Nc6 4. Nf3 h6 5. e4 b5 6. d5 Nce7 7. dxe6 fxe6 8. e5 c6 9. Nh4 g5 10. Qh5+ Ng6
11. Nxg6 Kf7 12. Nxh8+ Ke7 13. Qf7#
1-0

[Event "JAGI 1"]
[Site "SchemingMind.com"]
[Date "2024.01.25"]
[Round "-"]
[White "The Stonewall"]
[Black "mrfamous"]
[Result "0-1"]
[WhiteCountry "ENG"]
[BlackCountry "AUS"]
[WhiteElo "2220"]
[WhiteRD "71"]
[BlackElo "2527"]
[BlackRD "75"]
[GameID "741595"]

1. e4 c5 2. Nf3 Nc6 3. Bb5 e5 4. O-O Bd6 5. c3 a6 6. Ba4 b5 7. Bb3 c4 8. Bc2 Nf6 9. d3 cxd3 10. Qxd3 Be7
11. Bg5 Nh5 12. Be3 O-O 13. Nbd2 d6 14. Bb3 Nf6 15. a4 Rb8 16. axb5 axb5 17. Rfd1 Qc7 18. Bg5 Nd7 19. Qe3 Bxg5 20. Qxg5 Nf6
21. Ba2 h6 22. Qe3 Ne7 23. Ne1 b4 24. cxb4 Rxb4 25. Nd3 Rd4 26. f3 Bd7 27. Rdc1 Qb8 28. Rc2 d5 29. Nc5 Ba4 30. Bb3 Bxb3
31. Qxb3 Rb4 32. Qa3 Nc6 33. Nd3 Rb6 34. exd5 Nxd5 35. Rc5 Rd8 36. Nc4 Rb3 37. Qa6 Rxd3 38. Qxc6 e4 39. fxe4 Nc3 40. Qc7 Qb3
41. Rf1 R3d7 42. Qe5 Ne2+ 43. Kf2 Nd4 44. Ne3 Rd6 45. Re1 Rf6+ 46. Nf5 Nc2 47. Re2 Nb4 48. Qg3 Nd3+ 49. Kf1 Qd1+ 50. Re1 Qxe1+
51. Qxe1 Nxe1 52. Kxe1 Rb6 53. Rc2 Rdb8
0-1

[Event "JAGI 1"]
[Site "SchemingMind.com"]
[Date "2024.01.21"]
[Round "-"]
[White "Steven DuCharme"]
[Black "mmccaffe"]
[Result "1/2-1/2"]
[WhiteCountry "USA"]
[BlackCountry "USA"]
[WhiteElo "1563"]
[WhiteRD "52"]
[BlackElo "1841"]
[BlackRD "67"]
[GameID "741597"]

1. c4 Nf6 2. Nc3 g6 3. b3 Bg7 4. Bb2 O-O 5. g3 c6 6. Bg2 d5 7. d4 e6 8. Nf3 Nbd7 9. O-O b6 10. Re1 Bb7
11. e4 dxe4 12. Nxe4 Nxe4 13. Rxe4 c5 14. Re1 cxd4 15. Bxd4 Qc7 16. Bxg7 Kxg7 17. Qd4+ Kg8 18. Ne5 Nxe5 19. Qxe5 Qxe5 20. Rxe5 Bxg2
21. Kxg2 Rfd8 22. Rb1 Rd2 23. a4 Rad8 24. a5 Ra2 25. axb6 axb6 26. Rb5 Rdd2 27. Rf1 Rd6 28. h4 h5 29. b4 Kg7 30. c5 bxc5
31. bxc5 Rc6 32. Rc1 Raa6 33. Rc2 Kf6 34. f3 Ke5 35. Rd2 Ra3 36. Rb7 Rxc5 37. Rxf7 Rcc3 38. Re2+ Re3 39. Rxe3+=
1/2-1/2

[Event "JAGI 1"]
[Site "SchemingMind.com"]
[Date "2024.01.20"]
[Round "-"]
[White "mmccaffe"]
[Black "Kenny Elliott"]
[Result "1-0"]
[WhiteCountry "USA"]
[BlackCountry "USA"]
[WhiteElo "1841"]
[WhiteRD "67"]
[BlackElo "1495"]
[BlackRD "73"]
[GameID "741598"]

1. d4 d5 2. c4 e6 3. Nf3 Nf6 4. g3 Bb4+ 5. Nbd2 O-O 6. a3 Bxd2+ 7. Nxd2 c6 8. Bg2 dxc4 9. Nxc4 Nd5 10. e4 Nb6
11. Qd3 Nxc4 12. Qxc4 b5 13. Qc3 Bb7 14. O-O Nd7 15. Bf4 a5 16. Rfd1 b4 17. axb4 axb4 18. Qxb4 Ba6 19. d5 exd5 20. exd5 Be2
21. Rxa8 Qxa8 22. Re1 Bb5 23. d6 Qa6 24. h4 Qb7 25. Re7 Rd8 26. Qb3 Rf8 27. Bh3 Qa6 28. Rxd7 Qa1+ 29. Kh2 Qf1 30. Bxf1
1-0

[Event "JAGI 1"]
[Site "SchemingMind.com"]
[Date "2024.01.20"]
[Round "-"]
[White "The Stonewall"]
[Black "mmccaffe"]
[Result "1-0"]
[WhiteCountry "ENG"]
[BlackCountry "USA"]
[WhiteElo "2302"]
[WhiteRD "73"]
[BlackElo "1841"]
[BlackRD "67"]
[GameID "741599"]

1. e4 e5 2. Bc4 Bc5 3. Nc3 Nf6 4. d3 Nc6 5. f4 d6 6. Nf3 a6 7. f5 b5 8. Bb3 Bb7 9. Nd5 Nd4 10. Nxf6+ Qxf6
11. Nxd4 Bxd4 12. c3 Bb6 13. a4 O-O 14. Qg4 g6 15. Rf1 Kg7 16. Bg5
1-0

[Event "JAGI 1"]
[Site "SchemingMind.com"]
[Date "2024.01.20"]
[Round "-"]
[White "mmccaffe"]
[Black "Black Knight"]
[Result "1-0"]
[WhiteCountry "USA"]
[BlackCountry "USA"]
[WhiteElo "1864"]
[WhiteRD "64"]
[BlackElo "1225"]
[BlackRD "61"]
[GameID "741600"]

1. d4 d5 2. c4 Bf5 3. cxd5 Qxd5 4. Nc3 Qd8 5. e4 Bg6 6. Nf3 Bh5 7. Be2 e6 8. Be3 Bb4 9. Qb3 Nc6 10. O-O Nf6
11. e5 Nd5 12. Nxd5 Qxd5 13. Qxd5 exd5 14. Bb5 Bxf3 15. gxf3 O-O 16. Bxc6 bxc6 17. Rfc1 Rfe8 18. Rxc6 Rac8 19. Rac1 Ba5 20. R6c5 Bb6
21. Rxd5 c6 22. Rd6 Re6 23. Rxe6 fxe6 24. Kf1 Rd8 25. Rxc6 Bxd4 26. Bxd4 Rxd4 27. Rxe6
1-0

[Event "JAGI 1"]
[Site "SchemingMind.com"]
[Date "2024.01.20"]
[Round "-"]
[White "mmccaffe"]
[Black "Phillip Beckett"]
[Result "1-0"]
[WhiteCountry "USA"]
[BlackCountry "ENG"]
[WhiteElo "1864"]
[WhiteRD "64"]
[BlackElo "1499"]
[BlackRD "52"]
[GameID "741601"]

1. d4 d5 2. c4 e6 3. Nf3 Nf6 4. g3 Be7 5. Bg2 c6 6. Qd3 O-O 7. O-O Nbd7 8. Nc3 dxc4 9. Qxc4 h6 10. e4 Nb6
11. Qb3 Nbd7 12. Bf4 Nh7 13. Rfd1 Ng5 14. Rac1 Nxf3+ 15. Bxf3 Qb6 16. d5 cxd5 17. exd5 Nc5 18. Qc2 exd5 19. Nxd5 Qd8 20. Nxe7+ Qxe7
21. Qxc5 Qxc5 22. Rxc5 Be6 23. a3 Rac8 24. Rdc1 Rxc5 25. Rxc5 b6 26. Rc7 Rd8 27. Kg2
1-0

[Event "JAGI 1"]
[Site "SchemingMind.com"]
[Date "2024.01.21"]
[Round "-"]
[White "mmccaffe"]
[Black "pmdpsp"]
[Result "1-0"]
[WhiteCountry "USA"]
[BlackCountry "GER"]
[WhiteElo "1864"]
[WhiteRD "64"]
[BlackElo "1667"]
[BlackRD "72"]
[GameID "741602"]

1. d4 g6 2. c4 Bg7 3. g3 d5 4. cxd5 Qxd5 5. Nf3 Nc6 6. Nc3 Qd8 7. d5 Nb8 8. Bg2 c6 9. e4 Qa5 10. Bd2 Qb6
11. Rb1 Nf6 12. O-O O-O 13. Qe2 cxd5 14. exd5 Bf5 15. Be3 Qd6 16. Rbd1 Nbd7 17. Bf4 Qb4 18. Rd4 Qc5 19. Rc4 Qb6 20. Rc1 e6
21. d6 Nd5 22. Nxd5 exd5 23. Rc7 Rfe8 24. Qd2 Bxb2 25. Rb1 Bxb1 26. Rxd7 Rac8 27. Qxd5 Be4 28. Qxf7+ Kh8 29. Qxh7#
1-0

[Event "JAGI 1"]
[Site "SchemingMind.com"]
[Date "2024.01.20"]
[Round "-"]
[White "mmccaffe"]
[Black "malcolm chugg"]
[Result "1-0"]
[WhiteCountry "USA"]
[BlackCountry "WLS"]
[WhiteElo "1864"]
[WhiteRD "64"]
[BlackElo "1134"]
[BlackRD "52"]
[GameID "741603"]

1. d4 d5 2. c4 Bf5 3. cxd5 Qxd5 4. Nc3 Qd7 5. Nf3 Nc6 6. Bf4 e6 7. e3 Bg4 8. Bb5 Bb4 9. a3 Nf6 10. axb4 O-O
11. h3 Bf5 12. Ne5 Nxe5 13. Bxd7 Nc4 14. Bb5 Nd6 15. Bd3 Be4 16. Nxe4 Nfxe4 17. Qc2 f5 18. Bxd6 cxd6 19. Bxe4 fxe4 20. Qxe4 Rfe8
21. O-O Re7 22. Rfc1 g6 23. Rc3 Kg7 24. Rac1 Rb8 25. Rc7 Rxc7 26. Rxc7+ Kf6 27. Rxb7
1-0

[Event "JAGI 1"]
[Site "SchemingMind.com"]
[Date "2024.01.20"]
[Round "-"]
[White "mmccaffe"]
[Black "kenneth m day"]
[Result "1-0"]
[WhiteCountry "USA"]
[BlackCountry "USA"]
[WhiteElo "1787"]
[WhiteRD "62"]
[BlackElo "1662"]
[BlackRD "58"]
[GameID "741604"]

1. d4 Nf6 2. c4 e6 3. g3 d5 4. Bg2 Be7 5. Nf3 O-O 6. O-O Nc6 7. cxd5 exd5 8. Nc3 Bg4 9. Bg5 Re8 10. e3 h6
11. Bxf6 Bxf6 12. Qb3 Na5 13. Qxd5 Nc6 14. a3 Be6 15. Qxd8 Raxd8 16. Rfd1 Bg4 17. Rac1 Na5 18. Nb1 c6 19. Rc5 Nb3 20. Rc3 Be6
21. Nbd2 Nxd2 22. Rxd2 Bd5 23. Rdc2 Kf8 24. b4 Be4 25. Rc1 Bd5 26. a4 Be7 27. b5 Bb4 28. Rd3 cxb5 29. axb5 Be4 30. Rb3 Bd6
31. Nd2 Bxg2 32. Kxg2 Ke7 33. Ne4 Bb8 34. Nc5 b6 35. Na6 Bd6 36. Nc7 Rc8 37. Rbc3 Kd7 38. Nd5 Rxc3 39. Rxc3 Rc8 40. e4 Rxc3
41. Nxc3 Ba3 42. f4 Bb2 43. Ne2 f6 44. Kf3 Kd6 45. Kg4 g6 46. f5 h5+ 47. Kh4 g5+ 48. Kxh5 Ke7 49. h4 gxh4 50. gxh4
1-0

[Event "JAGI 1"]
[Site "SchemingMind.com"]
[Date "2024.01.20"]
[Round "-"]
[White "Chessibelle"]
[Black "mmccaffe"]
[Result "0-1"]
[WhiteCountry "ENG"]
[BlackCountry "USA"]
[WhiteElo "1055"]
[WhiteRD "56"]
[BlackElo "1864"]
[BlackRD "64"]
[GameID "741605"]

1. Nf3 Nf6 2. d4 d5 3. e3 e6 4. Bd2 Be7 5. g3 O-O 6. Be2 Nbd7 7. b3 b6 8. c4 c5 9. a4 Bb7 10. O-O Rc8
11. Ng5 h6 12. Nh3 cxd4 13. exd4 dxc4 14. bxc4 Ne4 15. Be3 Ba6 16. Qc2 Ndf6 17. Nc3 Nxc3 18. Qxc3 Nd5 19. Qd3 Bxc4 20. Qd2 Bxe2
21. Qxe2 Nxe3 22. Qxe3 Bf6 23. f4 Bxd4
0-1

[Event "JAGI 1"]
[Site "SchemingMind.com"]
[Date "2024.01.25"]
[Round "-"]
[White "JAHI"]
[Black "mmccaffe"]
[Result "1-0"]
[WhiteCountry "INT"]
[BlackCountry "USA"]
[WhiteElo "2204"]
[WhiteRD "80"]
[BlackElo "1787"]
[BlackRD "62"]
[GameID "741606"]

1. a3 Nf6 2. a4 g6 3. h3 Bg7 4. h4 h5 5. Na3 d5 6. d3 c5 7. g3 Nc6 8. Bh3 Bg4 9. f3 Bxh3 10. Nxh3 Qc7
11. Kf2 O-O 12. c3 e5 13. Kg2 e4 14. dxe4 dxe4 15. Bf4 Qe7 16. Bd6
1-0

[Event "JAGI 1"]
[Site "SchemingMind.com"]
[Date "2024.01.20"]
[Round "-"]
[White "mrfamous"]
[Black "mmccaffe"]
[Result "1-0"]
[WhiteCountry "AUS"]
[BlackCountry "USA"]
[WhiteElo "2466"]
[WhiteRD "107"]
[BlackElo "1841"]
[BlackRD "67"]
[GameID "741608"]

1. Nf3 Nf6 2. g3 g6 3. c4 Bg7 4. Bg2 O-O 5. O-O d6 6. Nc3 e5 7. d4 Nbd7 8. Rb1 Re8 9. e4 c6 10. Re1 exd4
11. Nxd4 Ne5 12. b3 Qc7 13. h3 a5 14. Qc2 Ned7 15. Be3 Nf8 16. Rbd1 Ne6 17. Nxe6 Bxe6 18. Bf4 Rad8 19. Qc1 Nh5 20. Be3 Nf6
21. Bf4 Nh5 22. Bg5 Nf6 23. Qf4 Nh5 24. Bxd8
1-0

[Event "JAGI 1"]
[Site "SchemingMind.com"]
[Date "2024.01.21"]
[Round "-"]
[White "Steven DuCharme"]
[Black "Black Knight"]
[Result "1-0"]
[WhiteCountry "USA"]
[BlackCountry "USA"]
[WhiteElo "1563"]
[WhiteRD "52"]
[BlackElo "1185"]
[BlackRD "61"]
[GameID "741610"]

1. d4 d5 2. Nf3 Nf6 3. Nc3 Bg4 4. Ne5 Nc6 5. Nxg4 Nxg4 6. e3 e6 7. Qxg4 f5 8. Qf3 Bd6 9. Bb5 O-O 10. O-O Nb4
11. Bd2 c6 12. Ba4 b5 13. Bb3 a5 14. a3 a4 15. axb4 axb3 16. cxb3 Qb6 17. g3 Qd8 18. h4 Qf6 19. Ra5 Bxb4 20. Rxa8 Rxa8
21. Nxd5 Bxd2 22. Nxf6+
1-0

[Event "JAGI 1"]
[Site "SchemingMind.com"]
[Date "2024.01.20"]
[Round "-"]
[White "Black Knight"]
[Black "Kenny Elliott"]
[Result "0-1"]
[WhiteCountry "USA"]
[BlackCountry "USA"]
[WhiteElo "1185"]
[WhiteRD "61"]
[BlackElo "1495"]
[BlackRD "73"]
[GameID "741611"]

1. e4 e5 2. Nf3 Nc6 3. Bb5 Nf6 4. O-O Nxe4 5. Bxc6 dxc6 6. Nxe5 Bd6 7. Nxf7 Kxf7 8. f3 Bc5+ 9. Kh1 Nd6 10. d4 Bb6
11. Bf4 Re8 12. d5 cxd5 13. Qxd5+ Be6 14. Qd1 Nc4 15. Qxd8 Rexd8 16. b3 Bd4 17. bxc4 Bxa1 18. c3 Rd7 19. Be5 Rad8 20. Bd4 Bxc3
21. Bxc3 Rd1
0-1

[Event "JAGI 1"]
[Site "SchemingMind.com"]
[Date "2024.01.20"]
[Round "-"]
[White "Black Knight"]
[Black "Phillip Beckett"]
[Result "0-1"]
[WhiteCountry "USA"]
[BlackCountry "ENG"]
[WhiteElo "1185"]
[WhiteRD "61"]
[BlackElo "1461"]
[BlackRD "52"]
[GameID "741612"]

1. e4 e5 2. Nf3 Nc6 3. Bb5 a6 4. Bxc6 dxc6 5. Nxe5 Qd4 6. Nf3 Qxe4+ 7. Qe2 Qxe2+ 8. Kxe2 Bd7 9. Re1 O-O-O 10. Kf1 f6
11. d4 Ne7 12. Nc3 Ng6 13. Ng5 fxg5 14. Bxg5 Re8 15. Rxe8+ Bxe8 16. Re1 Bd7
0-1

[Event "JAGI 1"]
[Site "SchemingMind.com"]
[Date "2024.01.21"]
[Round "-"]
[White "Black Knight"]
[Black "pmdpsp"]
[Result "0-1"]
[WhiteCountry "USA"]
[BlackCountry "GER"]
[WhiteElo "1185"]
[WhiteRD "61"]
[BlackElo "1667"]
[BlackRD "72"]
[GameID "741613"]

1. e4 e5 2. Nf3 Nc6 3. Bb5 d6 4. O-O Bd7 5. Bxc6 Bxc6 6. d3 Nf6 7. Bg5 Be7 8. Nc3 O-O 9. Bxf6 Bxf6 10. Nd5 Bxd5
11. exd5 Re8 12. Re1 c6 13. c4 cxd5 14. cxd5 Qa5 15. a3 Qxd5 16. Rc1 e4 17. dxe4 Qxd1 18. Rcxd1 Bxb2 19. Rxd6 Bxa3 20. Nd4 Bxd6
21. e5 Rxe5 22. Rc1 Rae8 23. f4 Re1+ 24. Rxe1 Rxe1+ 25. Kf2 Rh1 26. Kg3 a5 27. Nf3 a4 28. Nd4 a3 29. Nc2 b5 30. Nxa3 Bxa3
0-1